| 000 | 005010000a22001930004500 | ||
|---|---|---|---|
| 003 | LK-CoMWRAF | ||
| 008 | 230817t ||||| |||| 00| 0 eng d | ||
| 040 |
_aLK-CoMWRAF _dLK-CoMWRAF _eLK-CoMWRAF |
||
| 041 | _aeng | ||
| 082 |
_a060 _bSRI |
||
| 245 |
_aSri Lanka Census of Population and Housing 1981 _bKalutara district report |
||
| 260 |
_aColombo _Census _c1984 |
||
| 300 | _ap.222 | ||
| 490 | _aVol.I, Pt.III | ||
| 650 | _aHousing | ||
| 650 | _aPopulation | ||
| 650 | _aStatistics | ||
| 942 | _cBK | ||
| 999 |
_c2668 _d2668 |
||